01220nam a22002057a 450000500170000000800410001702000230005804000140008104100110009508200170010610000170012324500630014026000490020330000480025249000220030050005610032250400190088365000840090270000280098620240827120143.0231102b sa ||||| |||| 00| 0 eng d a9781403198877qhbk ardac3228 2Eaeng a299.936 HUBB aHubbard, L.R aPoet/Lyricist the aesthetics of verse / by cL.Ron Hubbard aCalifornia:bBridge Publications Inc;c2012. a259 Pages :bColour illustrations ;c31 cm. aThe L.Ron Hubbard aPoet/Lyricist: The Aesthetics of Verse by L.R. Hubbard offers an insightful exploration into the art and craft of poetry and lyric writing. This book delves into the principles of verse composition, examining the aesthetic qualities that make poetry and lyrics compelling. It provides readers with techniques and insights for developing their own poetic voice and mastering the nuances of writing verse. Suitable for both aspiring poets and seasoned lyricists, the book serves as a guide to understanding and creating aesthetically pleasing literary works. aIncludes index aPoetryxLyric writingxLiterary aestheticsxCreative writingxVerse composition aHubbard, L.Roneauthor